000 00563nam a2200217Ia 4500
003 OSt
005 20220928135359.0
006 a|||||r|||| 00| 0
007 ta
008 220927b |||||||| |||| 00| 0 eng d
024 _a1667
037 _cTextual
040 _aSDCL
_cSDCL
_beng
041 _2eng
_aeng
082 _aX:51, N9
100 _aKotler Philip
_9386077
245 0 _aKotler on marketing
_b How to create, win and dominate markets
260 _c1999
942 _hX:51, N9
_cTEXL
_2CC
999 _c805479
_d805479